Geography Quiz

Random Geography or Asia Quiz

Asian Capital Search Quiz Stats

Quiz Updated Jun 3, 2014

Challenge
Share
Tweet
Embed
Score 0/49 Timer 08:00
2 Plays Today
% Correct
Tokyo
92.7%
Beijing
92.6%
Seoul
92.6%
Bangkok
91.2%
Baghdad
90.7%
New Delhi
90.4%
Kuwait City
90%
Kuala Lumpur
89.7%
Pyongyang
89.7%
Singapore
89.5%
Jakarta
89.4%
Tehran
89.3%
Manila
88%
Islamabad
87.6%
Taipei
86.9%
Kabul
86.9%
Hanoi
86.8%
Damascus
86.6%
Abu Dhabi
86.2%
Beirut
85.7%
Phnom Penh
85.4%
Jerusalem
85.2%
Kathmandu
84.7%
Ulaanbaatar
84.3%
Riyadh
84.2%
% Correct
Ankara
84%
Dhaka
80.7%
Moscow
79.2%
Amman
79.1%
Doha
78.6%
Bishkek
77.3%
Baku
76.3%
Muscat
75.8%
Tashkent
75.4%
Tbilisi
72.4%
Sri Jayawardenepura Kotte
72%
Astana
71.1%
Yerevan
70.2%
Ashgabat
70.1%
Sanaa
69.6%
Bandar Seri Begawan
68.1%
Vientiane
67.4%
Thimphu
64.2%
Dushanbe
64%
Dili
63.3%
Naypyidaw
61.9%
Male
61%
Manama
59.8%
Ramallah
53.2%

You're not logged in!

Compare scores with friends on all Sporcle quizzes.
Join for Free
OR
Log In

You Might Also Like...

Show Comments

Extras

Top Quizzes Today


Score Distribution

Your Account Isn't Verified!

In order to create a playlist on Sporcle, you need to verify the email address you used during registration. Go to your Sporcle Settings to finish the process.

Report this User

Report this user for behavior that violates our Community Guidelines.

Details: